000 01426nam a2200349 i 4500
001 000044628
003 DO-SdBNP
005 20251013142545.0
007 ta
008 141210s2013 dr r 000 0 spa d
020 _a9789945074888
040 _aDO-SdBNP
_bspa
_cBNPHU
_erda
041 _aspa
082 4 _a327.7293
_bE74r
_222
100 1 _aEscolano Giménez, Luis Alfonso
_d1969-
_972649
_4aut.
_eautor
245 1 3 _aLa rivalidad internacional por la República Dominicana y el complejo proceso de su anexión a España (1858-1865) /
_cLuis Alfonso Escolano Giménez.
260 _aSanto Domingo :
264 4 _aSanto Domingo, República Dominicana :
_bArchivo General de la Nación,
_c©2013
300 _a703 páginas ;
_c23 cm.
336 _atexto
_btxt
_2rdacontent
337 _asin mediación
_bn
_2rdamedia
338 _avolumen
_bnc
_2rdacarrier
490 0 _aPublicaciones del Archivo General de la Nación
_v191
500 _aIncluye datos biográficos del autor en las solapas
500 _aIncluye referencias bibliográficas y notas al pie de las páginas
504 _aBibliografía: páginas 671-679
650 4 _aRelaciones internacionales
_zRepublica Dominicana
_916026
650 4 _aRelaciones internacionales
_zEspaña
_977549
651 4 _aRepública Dominicana
_xPolítica exterior
_y1858-1865
_zEspaña
_977551
910 _aVMateo. Validado control de Calidad/MAA
942 _2ddc
_cLBS1
999 _c44117
_d44117